| 000 | 00412nmm a2200145Ia 4500 | ||
|---|---|---|---|
| 008 | 251105s9999||||xx |||||||||||||||||und|| | ||
| 041 | _aspa | ||
| 100 | _aSagan, Nick | ||
| 245 | 0 | _aCódigo genético | |
| 264 |
_a[Madrid, España] : _bLa Factoría de Ideas, _c2007 |
||
| 300 | _a315 páginas | ||
| 650 | _aScience fiction & Fantasy | ||
| 856 | _uhttps://public.digitaliapublishing.com/a/70033 | ||
| 942 | _cCF | ||
| 999 |
_c104241 _d104241 |
||